Stabilization and Growth in an Open Islamic Economy.

Islam proposes the replacement of an interest-based financial system with one which operates on the basis of risk and profit sharing. Using a general equilibrium model, this paper investigates some open-economy implications of the adoption of Islamic banking for growth and stabilization of the econo...

Fuld beskrivelse

Bibliografiske detaljer
Institution som forfatter: International Monetary Fund
Format: Tidsskrift
Sprog:English
Udgivet: Washington, D.C. : International Monetary Fund, 1988.
Serier:IMF Working Papers; Working Paper ; No. 1988/022
Online adgang:Full text available on IMF
LEADER 01650cas a2200241 a 4500
001 AALejournalIMF007791
008 230101c9999 xx r poo 0 0eng d
020 |c 5.00 USD 
020 |z 9781451921137 
022 |a 1018-5941 
040 |a BD-DhAAL  |c BD-DhAAL 
110 2 |a International Monetary Fund. 
245 1 0 |a Stabilization and Growth in an Open Islamic Economy. 
264 1 |a Washington, D.C. :  |b International Monetary Fund,  |c 1988. 
300 |a 1 online resource (28 pages) 
490 1 |a IMF Working Papers 
500 |a <strong>Off-Campus Access:</strong> No User ID or Password Required 
500 |a <strong>On-Campus Access:</strong> No User ID or Password Required 
506 |a Electronic access restricted to authorized BRAC University faculty, staff and students 
520 3 |a Islam proposes the replacement of an interest-based financial system with one which operates on the basis of risk and profit sharing. Using a general equilibrium model, this paper investigates some open-economy implications of the adoption of Islamic banking for growth and stabilization of the economy. It analyzes the long-run effects of Islamic banking on international capital flows and on the economy's capacity to adjust to disturbances. It concludes that monetary policy can be used effectively for stabilization purposes and that disturbances to asset positions are absorbed efficiently in an Islamic financial system. 
538 |a Mode of access: Internet 
830 0 |a IMF Working Papers; Working Paper ;  |v No. 1988/022 
856 4 0 |z Full text available on IMF  |u http://elibrary.imf.org/view/journals/001/1988/022/001.1988.issue-022-en.xml  |z IMF e-Library